[Event "Titled Tuesday intern op 21st Jan Late"]
[Site "Chess.com INT"]
[Date "2025.01.21"]
[Round "1"]
[White "Curtis, John"]
[Black "Atis, Hasan"]
[Result "0-1"]
[WhiteElo "2292"]
[BlackElo "2213"]
[PlyCount "112"]
[EventDate "2025.01.21"]
[EventType "swiss (blitz)"]
[EventRounds "11"]
[EventCountry "USA"]
[SourceTitle "CB05_2025"]
[SourceDate "2025.01.29"]
[SourceVersion "1"]
[SourceVersionDate "2025.01.29"]
[SourceQuality "1"]

1. e4 e5 2. Nf3 Nc6 3. Bb5 a6 4. Ba4 Nf6 5. d3 b5 6. Bb3 Bc5 7. c3 d6 8. 0-0 0-0 9. Be3 Bxe3 10. fxe3 Be6 11. Bxe6 fxe6 12. Nbd2 d5 13. a4 dxe4 14. Nxe4 Nxe4 15. dxe4 Qe7 16. axb5 axb5 17. Rxa8 Rxa8 18. Qd3 Qc5 19. b4 Qb6 20. Qd7 h6 21. Qxe6+ Kh8 22. Kh1 Rf8 23. h3 Rf6 24. Qe8+ Kh7 25. Nh2 Qb8 26. Qd7 Qf8 27. Rf3 Qd6 28. Qxd6 Rxd6 29. h4 Kg8 30. h5 Rd1+ 31. Nf1 Rd3 32. Kh2 Rxc3 33. Ng3 Rc4 34. Rf2 Nxb4 35. Nf5 Nc6 36. Ra2 Ra4 37. Rc2 Rc4 38. Rd2 Rxe4 39. Rd7 Rg4 40. Rxc7 Nb4 41. Ne7+ Kh7 42. Ng6 Rg5 43. g4 Rxg4 44. Rc8 Rxg6 45. hxg6+ Kxg6 46. Rb8 Nd5 47. Rxb5 Nxe3 48. Rxe5 Ng4+ 49. Kg3 Nxe5 50. Kf4 Kf6 51. Ke4 g5 52. Ke3 h5 53. Ke4 g4 54. Kf4 Ng6+ 55. Kg3 Kg5 56. Kg2 h4 0-1

[Event "Titled Tuesday intern op 21st Jan Late"]
[Site "Chess.com INT"]
[Date "2025.01.21"]
[Round "2"]
[White "Curtis, John"]
[Black "Fernandez Estremera, Fernando"]
[Result "0-1"]
[WhiteElo "2292"]
[BlackElo "2127"]
[PlyCount "66"]
[EventDate "2025.01.21"]
[EventType "swiss (blitz)"]
[EventRounds "11"]
[EventCountry "USA"]
[SourceTitle "CB05_2025"]
[SourceDate "2025.01.29"]
[SourceVersion "1"]
[SourceVersionDate "2025.01.29"]
[SourceQuality "1"]

1. d4 d5 2. c4 e6 3. cxd5 exd5 4. Nc3 c6 5. Bf4 Nf6 6. e3 Bd6 7. Bxd6 Qxd6 8. Bd3 0-0 9. a3 a5 10. Rb1 Nbd7 11. Nf3 Re8 12. Qc2 h6 13. 0-0 b5 14. Rfc1 Nb6 15. Ne5 Nc4 16. Nxc4 bxc4 17. Bf5 Bxf5 18. Qxf5 Rab8 19. h3 Rb3 20. Rc2 Reb8 21. Qe5 Qxe5 22. dxe5 Nd7 23. f4 Nc5 24. Ne2 Rxe3 25. Nd4 Rb6 26. Kf2 Rd3 27. Nf5 Ne4+ 28. Kg1 Rxa3 29. Re1 Rab3 30. Ra1 Rxb2 31. Rxb2 Rxb2 32. Rxa5 c3 33. Nd4 c5 0-1

[Event "Titled Tuesday intern op 21st Jan Late"]
[Site "Chess.com INT"]
[Date "2025.01.21"]
[Round "7"]
[White "Curtis, John"]
[Black "Lima, Valdenicio Marcelin"]
[Result "0-1"]
[WhiteElo "2292"]
[BlackElo "1971"]
[PlyCount "138"]
[EventDate "2025.01.21"]
[EventType "swiss (blitz)"]
[EventRounds "11"]
[EventCountry "USA"]
[SourceTitle "CB05_2025"]
[SourceDate "2025.01.29"]
[SourceVersion "1"]
[SourceVersionDate "2025.01.29"]
[SourceQuality "1"]

1. e4 c5 2. Nf3 d6 3. d4 cxd4 4. Nxd4 Nf6 5. Nc3 g6 6. Be2 Bg7 7. Be3 0-0 8. Qd2 Nc6 9. 0-0 Bd7 10. Nxc6 Bxc6 11. f3 a5 12. a4 Nd7 13. Rab1 h5 14. Bb5 Ne5 15. b3 Qc7 16. Bd4 Rfc8 17. Rbc1 Nd7 18. Be2 Bxd4+ 19. Qxd4 Qb6 20. Rfd1 Qxd4+ 21. Rxd4 Nc5 22. Bc4 Kg7 23. Rcd1 Rab8 24. R1d2 h4 25. Kf2 g5 26. Ke3 Be8 27. Nb5 Bxb5 28. Bxb5 Ne6 29. R4d3 Nf4 30. Rd4 Rc3+ 31. Kf2 Rbc8 32. g3 hxg3+ 33. hxg3 Ne6 34. Rc4 R8xc4 35. Bxc4 Nc5 36. Bd5 e6 37. Bc4 Nxa4 38. Ba6 Nc5 39. Be2 a4 40. bxa4 Nxa4 41. Bd1 Nb2 42. Be2 Kf6 43. f4 gxf4 44. gxf4 Ke7 45. Bb5 Nc4 46. Bxc4 Rxc4 47. Ke3 b5 48. Kd3 Kd7 49. c3 Kc6 50. Rh2 d5 51. exd5+ Kxd5 52. f5 exf5 53. Rh5 Rf4 54. Ke3 Re4+ 55. Kd3 Re5 56. Rh7 Ke6 57. Rh6+ f6 58. Rh7 Rd5+ 59. Ke3 Rc5 60. Kd4 Rc4+ 61. Kd3 f4 62. Rb7 Rc5 63. Kd4 Re5 64. Rb6+ Kf5 65. Ra6 f3 66. Ra1 Kf4 67. Rf1 Kg3 68. Kd3 f2 69. Rxf2 Kxf2 0-1

[Event "Titled Tuesday intern op 21st Jan Late"]
[Site "Chess.com INT"]
[Date "2025.01.21"]
[Round "4"]
[White "Yevchenko, Alexander"]
[Black "Curtis, John"]
[Result "0-1"]
[WhiteElo "2276"]
[BlackElo "2292"]
[PlyCount "98"]
[EventDate "2025.01.21"]
[EventType "swiss (blitz)"]
[EventRounds "11"]
[EventCountry "USA"]
[SourceTitle "CB05_2025"]
[SourceDate "2025.01.29"]
[SourceVersion "1"]
[SourceVersionDate "2025.01.29"]
[SourceQuality "1"]

1. c4 Nf6 2. Nc3 e5 3. Nf3 Nc6 4. e3 Be7 5. a3 d5 6. cxd5 Nxd5 7. Bb5 Nxc3 8. bxc3 e4 9. Ne5 Qd5 10. Nxc6 Qxb5 11. Nxe7 Kxe7 12. a4 Qg5 13. Ba3+ Ke8 14. Rg1 Be6 15. d4 exd3 16. Qxd3 Rd8 17. Qe4 Qd5 18. Qxd5 Rxd5 19. Ke2 b6 20. Rgd1 Kd7 21. e4 Rxd1 22. Rxd1+ Kc6 23. Rd4 a5 24. f4 g6 25. Ke3 h5 26. h4 Bg4 27. g3 Re8 28. e5 Be6 29. Rd2 Bb3 30. Rd4 Bc2 31. Bb2 Bb3 32. Ba3 Be6 33. Kd2 Kb7 34. Kd3 Kc6 35. Bb2 Rc8 36. Ba3 Kb7 37. Ke3 c5 38. Rd6 Rc6 39. Rd8 Bb3 40. Rd7+ Rc7 41. Rd8 Bxa4 42. Rf8 Bb3 43. Kd2 a4 44. Kc1 b5 45. Kb2 Be6 46. Kc2 b4 47. Bc1 a3 48. Rd8 b3+ 49. Kb1 b2 0-1

[Event "Titled Tuesday intern op 26th Nov Late"]
[Site "Chess.com INT"]
[Date "2024.11.26"]
[Round "4"]
[White "Clarke, Adani"]
[Black "Curtis, John"]
[Result "0-1"]
[WhiteElo "1922"]
[BlackElo "2292"]
[PlyCount "86"]
[EventDate "2024.11.26"]
[EventType "swiss (blitz)"]
[EventRounds "11"]
[EventCountry "USA"]
[SourceTitle "CB49_2024"]
[SourceDate "2024.12.04"]
[SourceVersion "1"]
[SourceVersionDate "2024.12.04"]
[SourceQuality "1"]

1. d4 Nf6 2. c4 e6 3. Nc3 d5 4. cxd5 exd5 5. Bg5 c6 6. e3 Bf5 7. Qf3 Bg6 8. Bxf6 gxf6 9. h4 h5 10. Nh3 Bb4 11. Nf4 Qa5 12. Rc1 Qxa2 13. Nxg6 Qxb2 14. Qd1 Bxc3+ 15. Rxc3 Qxc3+ 16. Ke2 fxg6 17. Qb1 Rh7 18. Qxg6+ Rf7 19. Qf5 Nd7 20. Qxh5 Ke7 21. Qf5 Nf8 22. h5 Ne6 23. h6 Rh8 24. g3 Qxd4 25. Qxe6+ Kxe6 26. exd4 Rfh7 27. Bg2 Rxh6 28. Ra1 a6 29. Rb1 R6h7 30. Bf3 f5 31. Kd3 Rc7 32. Re1+ Kf6 33. Rb1 Rh2 34. Ke2 Re7+ 35. Kf1 f4 36. Kg1 fxg3 37. fxg3 Rd2 38. Rf1 Kg5 39. Rb1 Rxd4 40. Kg2 Rd2+ 41. Kg1 Re3 42. Rf1 Rdd3 43. Kg2 Rxf3 0-1

[Event "Titled Tuesday intern op 26th Nov Late"]
[Site "Chess.com INT"]
[Date "2024.11.26"]
[Round "5"]
[White "Curtis, John"]
[Black "Al Saffar, Araz Basim Mohammed"]
[Result "0-1"]
[WhiteElo "2292"]
[BlackElo "2387"]
[PlyCount "112"]
[EventDate "2024.11.26"]
[EventType "swiss (blitz)"]
[EventRounds "11"]
[EventCountry "USA"]
[SourceTitle "CB49_2024"]
[SourceDate "2024.12.04"]
[SourceVersion "1"]
[SourceVersionDate "2024.12.04"]
[SourceQuality "1"]

1. d4 Nf6 2. c4 e6 3. Nf3 Bb4+ 4. Bd2 Qe7 5. g3 Nc6 6. Bg2 Bxd2+ 7. Qxd2 Ne4 8. Qc2 Qb4+ 9. Nbd2 Nxd2 10. Qxd2 Qxc4 11. d5 Qxd5 12. Qxd5 exd5 13. 0-0-0 Ne7 14. Rd2 c6 15. Rhd1 0-0 16. Kb1 d6 17. Nd4 Nf5 18. e4 dxe4 19. Nxf5 Bxf5 20. Rxd6 e3+ 21. Kc1 exf2 22. Rf1 Rad8 23. Rxd8 Rxd8 24. Rxf2 g6 25. a3 Kg7 26. Bf3 h5 27. Bxh5 Be4 28. Bd1 f5 29. h3 Rh8 30. h4 Kf6 31. Kd2 Rd8+ 32. Kc1 Ke5 33. Bb3 Rd3 34. Bf7 Rxg3 35. Rh2 f4 36. Kd2 f3 37. Ke1 Rg2 38. Rxg2 fxg2 39. Kf2 Kd4 40. Bg8 Kd3 41. Bh7 c5 42. Kg1 Ke3 43. a4 a5 44. b3 Kf4 45. Kf2 Kg4 46. Bg8 Kxh4 47. Bc4 Kg4 48. Kg1 Kf3 49. Bf7 Ke3 50. Be6 g5 51. Bf7 Kd4 52. Be6 Bd5 53. Bc8 Kc3 54. Kf2 Kxb3 55. Bd7 c4 56. Bf5 c3 0-1

[Event "Titled Tuesday intern op 26th Nov Late"]
[Site "Chess.com INT"]
[Date "2024.11.26"]
[Round "3"]
[White "Curtis, John"]
[Black "Gabr, Mohsen"]
[Result "1/2-1/2"]
[WhiteElo "2292"]
[BlackElo "2200"]
[PlyCount "161"]
[EventDate "2024.11.26"]
[EventType "swiss (blitz)"]
[EventRounds "11"]
[EventCountry "USA"]
[SourceTitle "CB49_2024"]
[SourceDate "2024.12.04"]
[SourceVersion "1"]
[SourceVersionDate "2024.12.04"]
[SourceQuality "1"]

1. e4 e6 2. d4 c5 3. Nf3 cxd4 4. Nxd4 Nc6 5. Nb5 d6 6. Bf4 e5 7. Be3 a6 8. N5c3 Nf6 9. Bg5 Be7 10. Bxf6 Bxf6 11. Bc4 0-0 12. Nd5 b5 13. Bb3 Nd4 14. 0-0 Bb7 15. Nbc3 a5 16. Nxf6+ Qxf6 17. Bd5 Ra7 18. Bxb7 Rxb7 19. Nd5 Qg6 20. c3 Ne6 21. Qe2 Nc5 22. f3 Qe6 23. Rad1 f5 24. exf5 Rxf5 25. b3 h6 26. Rfe1 Kh8 27. c4 bxc4 28. Qxc4 Rb4 29. Nxb4 Qxc4 30. bxc4 axb4 31. Rxd6 Rf7 32. Rb6 Re7 33. Rxb4 Nd3 34. Rb8+ Kh7 35. Re3 Nf4 36. g3 Ng6 37. Rb5 Ra7 38. Rbxe5 Nxe5 39. Rxe5 Rxa2 40. h4 Kg6 41. Rc5 Kf6 42. h5 Rc2 43. g4 Ke6 44. Rc7 Kf6 45. Rc5 Ke6 46. Kf1 Kd6 47. Rc8 Ke6 48. Ke1 Ke5 49. Rc7 Kf6 50. Kd1 Rf2 51. Rc8 Kf7 52. Rc5 Ke6 53. Rf5 Rb2 54. Kc1 Rf2 55. c5 Ra2 56. c6 Kd6 57. Rf7 Kxc6 58. Rxg7 Rf2 59. Rg6+ Kd7 60. Rxh6 Rxf3 61. Rg6 Ke7 62. Kd2 Kf7 63. Ke2 Ra3 64. Kf2 Rb3 65. Kg2 Rc3 66. Rg5 Kf6 67. Rf5+ Kg7 68. g5 Ra3 69. Rb5 Kg8 70. Rb8+ Kf7 71. Rb7+ Kg8 72. h6 Ra5 73. Rg7+ Kh8 74. Kg3 Ra3+ 75. Kg4 Rg3+ 76. Kh5 Rh3+ 77. Kg4 Rg3+ 78. Kf5 Rf3+ 79. Kg6 Rf6+ 80. Kh5 Rxh6+ 81. Kxh6 1/2-1/2

[Event "Titled Tuesday intern op 26th Nov Late"]
[Site "Chess.com INT"]
[Date "2024.11.26"]
[Round "10"]
[White "Curtis, John"]
[Black "Gorbenko, Rustem"]
[Result "0-1"]
[WhiteElo "2292"]
[BlackElo "2209"]
[PlyCount "46"]
[EventDate "2024.11.26"]
[EventType "swiss (blitz)"]
[EventRounds "11"]
[EventCountry "USA"]
[SourceTitle "CB49_2024"]
[SourceDate "2024.12.04"]
[SourceVersion "1"]
[SourceVersionDate "2024.12.04"]
[SourceQuality "1"]

1. d4 e6 2. e4 d5 3. Nc3 Bb4 4. e5 c5 5. a3 Bxc3+ 6. bxc3 Qa5 7. Nf3 Qxc3+ 8. Bd2 Qb2 9. dxc5 Nd7 10. Be2 Ne7 11. 0-0 Nxe5 12. Rb1 Nxf3+ 13. Bxf3 Qxa3 14. Bb4 Qa4 15. Qd4 0-0 16. Qd3 Bd7 17. c6 Nxc6 18. Bxf8 Rxf8 19. Rxb7 Ne5 20. Qb3 Nxf3+ 21. Qxf3 Bc6 22. Rc7 Qxc2 23. Qe3 Qa4 0-1

[Event "Guernsey op 48th"]
[Site "St James"]
[Date "2024.10.14"]
[Round "2"]
[White "Curtis, John"]
[Black "Hamperl, Fred A"]
[Result "1/2-1/2"]
[WhiteElo "2292"]
[BlackElo "1970"]
[PlyCount "54"]
[EventDate "2024.10.13"]
[EventType "swiss"]
[EventRounds "7"]
[EventCountry "GCI"]
[SourceTitle "CB43_2024"]
[Source "Chessbase"]
[SourceDate "2024.10.23"]
[SourceVersion "1"]
[SourceVersionDate "2024.10.23"]
[SourceQuality "1"]

1. d4 Nf6 2. Nf3 d5 3. e3 c5 4. c3 e6 5. Nbd2 Nbd7 6. Bd3 b6 7. Ne5 Bb7 8. Qe2 Be7 9. 0-0 0-0 10. Nxd7 Qxd7 11. dxc5 Bxc5 12. e4 dxe4 13. Nxe4 Nxe4 14. Bxe4 Bxe4 15. Qxe4 Rad8 16. Qg4 e5 17. Qxd7 Rxd7 18. Re1 a5 19. Kf1 f6 20. Be3 Bxe3 21. Rxe3 Kf7 22. c4 Rc8 23. b3 Rcd8 24. Rc1 Rd1+ 25. Rxd1 Rxd1+ 26. Re1 Rd2 27. Re2 Rd1+ 1/2-1/2

[Event "Titled Tuesday intern op 17th Sep Late"]
[Site "Chess,com INT"]
[Date "2024.09.17"]
[Round "6"]
[White "Curtis, John"]
[Black "Bogaudinov, Rushan"]
[Result "1-0"]
[WhiteElo "2292"]
[BlackElo "1912"]
[PlyCount "83"]
[EventDate "2024.09.17"]
[EventType "swiss (blitz)"]
[EventRounds "11"]
[EventCountry "USA"]
[SourceTitle "EXT 2025"]
[Source "ChessBase"]
[SourceDate "2024.10.14"]
[SourceVersion "1"]
[SourceVersionDate "2024.10.14"]
[SourceQuality "1"]

1. c4 Nf6 2. Nc3 e6 3. Nf3 c5 4. d4 cxd4 5. Nxd4 Be7 6. g3 d5 7. cxd5 exd5 8. Bg2 0-0 9. 0-0 Nc6 10. h3 Be6 11. Nxe6 fxe6 12. e4 d4 13. Ne2 e5 14. Bg5 Nd7 15. Bxe7 Qxe7 16. Nc1 Nc5 17. Nd3 Nxd3 18. Qxd3 Qb4 19. a3 Qb6 20. b4 a6 21. Rab1 Qb5 22. Qb3+ Kh8 23. a4 Qb6 24. Qc4 Rac8 25. b5 Na5 26. Qd5 Nc4 27. bxa6 Qxa6 28. Rxb7 Qxa4 29. Rc1 Nd2 30. Rxc8 Rxc8 31. Qxe5 Qd1+ 32. Kh2 Rg8 33. Rb8 h6 34. Rxg8+ Kxg8 35. Qd5+ Kh7 36. e5 Qe2 37. Qxd4 h5 38. h4 g6 39. e6 Nf1+ 40. Bxf1 Qxf1 41. e7 Qe2 42. Qe3 1-0

[Event "Titled Tuesday intern op 17th Sep Late"]
[Site "Chess,com INT"]
[Date "2024.09.17"]
[Round "8"]
[White "Rodriguez, Santiago"]
[Black "Curtis, John"]
[Result "1-0"]
[WhiteElo "2252"]
[BlackElo "2292"]
[PlyCount "109"]
[EventDate "2024.09.17"]
[EventType "swiss (blitz)"]
[EventRounds "11"]
[EventCountry "USA"]
[SourceTitle "EXT 2025"]
[Source "ChessBase"]
[SourceDate "2024.10.14"]
[SourceVersion "1"]
[SourceVersionDate "2024.10.14"]
[SourceQuality "1"]

1. d4 Nf6 2. Bg5 e6 3. e4 d5 4. e5 h6 5. Be3 Nfd7 6. f4 c5 7. c3 Nc6 8. Nf3 a6 9. Bd3 Be7 10. 0-0 0-0 11. f5 exf5 12. Bxf5 Nb6 13. Bc2 Nc4 14. Qd3 g6 15. Bxh6 Nxb2 16. Qe2 cxd4 17. cxd4 Nc4 18. Nbd2 Bg4 19. Nxc4 Bxf3 20. Qxf3 Nxd4 21. Qd1 Nxc2 22. Qxc2 dxc4 23. Bxf8 Qxf8 24. e6 f5 25. Qxc4 Qf6 26. Rad1 Qe5 27. Rfe1 Qc5+ 28. Qxc5 Bxc5+ 29. Kf1 Kg7 30. e7 Re8 31. Rd7 b6 32. Rd8 Rxe7 33. Rxe7+ Bxe7 34. Rd7 Kf6 35. Ke2 Ke6 36. Ra7 a5 37. a4 g5 38. Kd3 Bd6 39. h3 Ke5 40. Ke3 Bc5+ 41. Kf3 b5 42. Rxa5 Kd4 43. Rxb5 Kc4 44. Rb8 Bd6 45. Rg8 Bf4 46. h4 Kb4 47. hxg5 Bc1 48. g6 Kxa4 49. g7 Kb3 50. Rb8+ Kc2 51. g8Q Bd2 52. Qc4+ Bc3 53. Rc8 Kd1 54. Qxc3 f4 55. Qd3+ 1-0

[Event "Titled Tuesday intern op 10th Sep Late"]
[Site "Chess,com INT"]
[Date "2024.09.10"]
[Round "10"]
[White "Bueno, Alfeu Varela Jr"]
[Black "Curtis, John"]
[Result "1-0"]
[WhiteElo "2209"]
[BlackElo "2292"]
[PlyCount "133"]
[EventDate "2024.09.10"]
[EventType "swiss (blitz)"]
[EventRounds "11"]
[EventCountry "USA"]
[SourceTitle "EXT 2025"]
[Source "ChessBase"]
[SourceDate "2024.10.14"]
[SourceVersion "1"]
[SourceVersionDate "2024.10.14"]
[SourceQuality "1"]

1. e4 e5 2. Nc3 Nc6 3. Bc4 Nf6 4. d3 Bb4 5. Bg5 Bxc3+ 6. bxc3 h6 7. Bh4 d6 8. Ne2 Na5 9. Bb3 Nxb3 10. axb3 0-0 11. Qd2 Qe7 12. 0-0 Qe6 13. f4 exf4 14. Nxf4 Qe5 15. d4 Nxe4 16. Qd3 Qf5 17. c4 c6 18. Nd5 Qh7 19. Nc7 Rb8 20. Rxa7 f5 21. d5 c5 22. Ne6 Re8 23. Be1 Bxe6 24. dxe6 Qg6 25. Qd5 Qxe6 26. Qxf5 Qxf5 27. Rxf5 Re6 28. Kf1 Re7 29. h4 Rf8 30. Rxf8+ Kxf8 31. Ba5 Kf7 32. Bd8 Rd7 33. Ba5 Ke6 34. Ke2 Ng3+ 35. Kf3 Nf5 36. h5 Nd4+ 37. Ke4 Nxc2 38. Bc3 b6 39. Ra6 Rb7 40. Kd3 Nb4+ 41. Bxb4 cxb4 42. Ra4 d5 43. Rxb4 dxc4+ 44. Kxc4 Kd6 45. Kb5 g6 46. hxg6 Ke6 47. Ka6 Rg7 48. Rxb6+ Kd5 49. b4 h5 50. b5 h4 51. Rf6 Ke5 52. Rc6 Kf4 53. b6 Kg3 54. b7 Rxb7 55. Kxb7 h3 56. g7 hxg2 57. g8Q+ Kf2 58. Rg6 g1Q 59. Rxg1 Ke3 60. Rf1 Kd4 61. Qg2 Ke5 62. Rf3 Ke4 63. Qg4+ Kd5 64. Rf5+ Ke6 65. Qg6+ Ke7 66. Rf7+ Ke8 67. Qg8# 1-0

[Event "Titled Tuesday intern op 10th Sep Late"]
[Site "Chess,com INT"]
[Date "2024.09.10"]
[Round "3"]
[White "Estrada Nieto, Julian"]
[Black "Curtis, John"]
[Result "1-0"]
[WhiteElo "2204"]
[BlackElo "2292"]
[PlyCount "43"]
[EventDate "2024.09.10"]
[EventType "swiss (blitz)"]
[EventRounds "11"]
[EventCountry "USA"]
[SourceTitle "EXT 2025"]
[Source "ChessBase"]
[SourceDate "2024.10.14"]
[SourceVersion "1"]
[SourceVersionDate "2024.10.14"]
[SourceQuality "1"]

1. e4 c5 2. Nf3 e6 3. c3 d6 4. d4 b6 5. Bd3 Bb7 6. 0-0 Nd7 7. Qe2 e5 8. dxe5 Nxe5 9. Nxe5 dxe5 10. Bb5+ Ke7 11. Rd1 Qxd1+ 12. Qxd1 Rd8 13. Qe2 Nf6 14. Bg5 h6 15. Bxf6+ Kxf6 16. Bc4 Ke7 17. Na3 g6 18. Rd1 Rxd1+ 19. Qxd1 Bg7 20. Nb5 Rd8 21. Qf3 a6 22. Qxf7# 1-0

[Event "Titled Tuesday intern op 03rd Sep Late"]
[Site "Chess.com INT"]
[Date "2024.09.03"]
[Round "5"]
[White "Curtis, John"]
[Black "Perestjuk, Marko"]
[Result "1-0"]
[WhiteElo "2292"]
[BlackElo "2166"]
[PlyCount "119"]
[EventDate "2024.09.03"]
[EventType "swiss (blitz)"]
[EventRounds "11"]
[EventCountry "USA"]
[SourceTitle "EXT 2025"]
[Source "ChessBase"]
[SourceDate "2024.10.14"]
[SourceVersion "1"]
[SourceVersionDate "2024.10.14"]
[SourceQuality "1"]

1. e4 c6 2. d4 d6 3. Nc3 Nd7 4. f4 Ngf6 5. e5 Nd5 6. Nxd5 cxd5 7. Nf3 g6 8. c3 Bg7 9. Qb3 Nb6 10. Bb5+ Bd7 11. exd6 exd6 12. f5 0-0 13. Bxd7 Qxd7 14. fxg6 Rae8+ 15. Kf2 fxg6 16. Rf1 Nc4 17. Kg1 Re2 18. Qd1 Rfe8 19. Rf2 R2e4 20. b3 Nb6 21. Ba3 Nc8 22. Bc1 Ne7 23. Bd2 Nf5 24. b4 Qb5 25. Qb3 Kh8 26. a4 Qc4 27. Qxc4 dxc4 28. Ng5 R4e7 29. g4 Nh4 30. Nf7+ Kg8 31. Nxd6 Rf8 32. Rxf8+ Bxf8 33. Kf2 Rc7 34. Ne4 Be7 35. Kg3 Rc6 36. Bg5 Bxg5 37. Nxg5 h6 38. Kxh4 hxg5+ 39. Kxg5 Kg7 40. Re1 Ra6 41. Re7+ Kf8 42. Rxb7 Rxa4 43. Kf6 Ke8 44. d5 Ra2 45. d6 Kd8 46. Ke6 Re2+ 47. Kd5 Kc8 48. Rc7+ Kd8 49. Rxa7 Rd2+ 50. Kc6 Ke8 51. Ra8+ Kf7 52. d7 Ke7 53. Re8+ Kf7 54. d8Q Rxd8 55. Rxd8 Kf6 56. Rd5 g5 57. Kc5 Ke6 58. Kxc4 Ke7 59. Rxg5 Ke6 60. Rf5 1-0

[Event "Titled Tuesday intern op 03rd Sep Late"]
[Site "Chess.com INT"]
[Date "2024.09.03"]
[Round "10"]
[White "Curtis, John"]
[Black "Yagiz, Yasin Emrah"]
[Result "0-1"]
[WhiteElo "2292"]
[BlackElo "2113"]
[PlyCount "144"]
[EventDate "2024.09.03"]
[EventType "swiss (blitz)"]
[EventRounds "11"]
[EventCountry "USA"]
[SourceTitle "EXT 2025"]
[Source "ChessBase"]
[SourceDate "2024.10.14"]
[SourceVersion "1"]
[SourceVersionDate "2024.10.14"]
[SourceQuality "1"]

1. d4 d5 2. c4 e6 3. Nc3 f5 4. Nf3 c6 5. Bg5 Be7 6. Bxe7 Qxe7 7. Qc2 Nf6 8. Ne5 0-0 9. f4 Ne4 10. Nxe4 fxe4 11. e3 Nd7 12. Nxd7 Bxd7 13. h4 Be8 14. Be2 Qb4+ 15. Qc3 Qd6 16. c5 Qc7 17. g4 b6 18. g5 bxc5 19. Qxc5 Rb8 20. b4 Qb6 21. a3 Qxc5 22. dxc5 Bg6 23. Bg4 Bf5 24. Bxf5 exf5 25. Kd2 a5 26. Kc3 Rb5 27. h5 Rfb8 28. Rab1 Kf7 29. Rb3 Ke6 30. h6 g6 31. Rhb1 R8b7 32. Kd4 Rb8 33. R3b2 R8b7 34. Rb3 Rb8 35. R3b2 Ra8 36. a4 Rxb4+ 37. Rxb4 axb4 38. Rxb4 Ra6 39. Kc3 Ra5 40. Rb6 Rxc5+ 41. Kb3 Rc1 42. Kb2 Rc5 43. Rb7 d4 44. exd4 Rc4 45. Kb3 Rxd4 46. Kc3 Rd7 47. Rb6 Kd5 48. a5 Kc5 49. Rb8 Re7 50. Kd2 e3+ 51. Ke2 Kd4 52. a6 Ke4 53. Rb7 Re8 54. a7 Ra8 55. Rd7 Kxf4 56. Rd4+ Kxg5 57. Kxe3 Rxa7 58. Rd6 Rc7 59. Kf3 c5 60. Ke3 c4 61. Kd2 c3+ 62. Kc2 f4 63. Rd5+ Kg4 64. Rd3 f3 65. Rd4+ Kg3 66. Rd3 Kg2 67. Rd4 f2 68. Rg4+ Kf3 69. Rg1 Ke3 70. Rf1 Ke2 71. Rd1 f1Q 72. Rd7 Qf5+ 0-1

[Event "Titled Tuesday intern op 03rd Sep Late"]
[Site "Chess.com INT"]
[Date "2024.09.03"]
[Round "9"]
[White "George Micheal, Kevin"]
[Black "Curtis, John"]
[Result "1-0"]
[WhiteElo "2267"]
[BlackElo "2292"]
[PlyCount "89"]
[EventDate "2024.09.03"]
[EventType "swiss (blitz)"]
[EventRounds "11"]
[EventCountry "USA"]
[SourceTitle "EXT 2025"]
[Source "ChessBase"]
[SourceDate "2024.10.14"]
[SourceVersion "1"]
[SourceVersionDate "2024.10.14"]
[SourceQuality "1"]

1. e4 c5 2. Nf3 Nc6 3. Nc3 g6 4. Bb5 Nd4 5. Nxd4 cxd4 6. Ne2 Bg7 7. 0-0 a6 8. Bc4 b5 9. Bd5 Rb8 10. a4 Nf6 11. axb5 Nxd5 12. exd5 Rxb5 13. c4 dxc3 14. dxc3 0-0 15. Qd3 e6 16. c4 Rb4 17. Nc3 Bb7 18. Rb1 exd5 19. Nxd5 Bxd5 20. Qxd5 Qc7 21. b3 Qc6 22. Ba3 Qxd5 23. cxd5 Rfb8 24. Bxb4 Rxb4 25. Rfd1 Bd4 26. g3 d6 27. Kg2 Bc5 28. Rd3 a5 29. Ra1 Rb5 30. Re1 Kf8 31. Re4 h5 32. h3 Bb4 33. Rf3 Rxd5 34. Ref4 f5 35. g4 Bd2 36. Rc4 hxg4 37. hxg4 Kf7 38. gxf5 gxf5 39. Rh3 Bb4 40. Re3 Kf6 41. Rc8 Bc5 42. Rf8+ Kg7 43. Ree8 Rd2 44. Rxf5 Rb2 45. Rf3 1-0

[Event "Titled Tuesday intern op 06th Aug Late"]
[Site "Chess.com INT"]
[Date "2024.08.06"]
[Round "11"]
[White "Baloglu, Dila"]
[Black "Curtis, John"]
[Result "1-0"]
[WhiteElo "1944"]
[BlackElo "2292"]
[PlyCount "65"]
[EventDate "2024.08.06"]
[EventType "swiss (blitz)"]
[EventRounds "11"]
[EventCountry "USA"]
[SourceTitle "EXT 2025"]
[Source "ChessBase"]
[SourceDate "2024.10.14"]
[SourceVersion "1"]
[SourceVersionDate "2024.10.14"]
[SourceQuality "1"]

1. f4 d6 2. Nf3 Nc6 3. e3 e5 4. Nc3 exf4 5. exf4 g6 6. Bc4 Bg7 7. 0-0 Nge7 8. d4 d5 9. Bb5 Bg4 10. Be3 0-0 11. h3 Nf5 12. Bf2 Bxf3 13. Qxf3 Ncxd4 14. Qd3 c6 15. Ba4 Ne6 16. Qd2 a5 17. a3 b5 18. Bb3 a4 19. Ba2 Nd6 20. Rae1 Re8 21. Qc1 Bd4 22. Kh1 Bxf2 23. Rxf2 Nd4 24. Rd1 N4f5 25. Kh2 d4 26. Ne2 c5 27. c3 Qh4 28. g3 Rxe2 29. gxh4 Rxf2+ 30. Kg1 Rf3 31. Bd5 Rg3+ 32. Kh2 Re8 33. Re1 1-0

[Event "Titled Tuesday intern op 06th Aug Late"]
[Site "Chess.com INT"]
[Date "2024.08.06"]
[Round "2"]
[White "Curtis, John"]
[Black "Breuil, Tristan"]
[Result "0-1"]
[WhiteElo "2292"]
[BlackElo "2284"]
[PlyCount "74"]
[EventDate "2024.08.06"]
[EventType "swiss (blitz)"]
[EventRounds "11"]
[EventCountry "USA"]
[SourceTitle "EXT 2025"]
[Source "ChessBase"]
[SourceDate "2024.10.14"]
[SourceVersion "1"]
[SourceVersionDate "2024.10.14"]
[SourceQuality "1"]

1. d4 Nf6 2. c4 c5 3. Nf3 e6 4. e3 cxd4 5. exd4 d5 6. c5 Nc6 7. Nc3 Be7 8. a3 a5 9. Bb5 Bd7 10. 0-0 b6 11. Bxc6 Bxc6 12. Ne5 Qc7 13. Bf4 Qb7 14. cxb6 Qxb6 15. Na4 Qb5 16. Nxc6 Qxc6 17. Rc1 Qb5 18. Rc7 Bd8 19. Rc5 Qa6 20. Qc2 0-0 21. Rc1 Ne4 22. Rc6 Qb5 23. f3 Bg5 24. Bxg5 Nxg5 25. h4 Nxf3+ 26. gxf3 e5 27. Rc5 Qb7 28. dxe5 Qe7 29. Rxd5 Qxh4 30. Qe4 Qg5+ 31. Kh2 Qh6+ 32. Kg3 Qxc1 33. Rc5 Qg1+ 34. Kh4 Ra6 35. Rc6 Rxc6 36. Qxc6 Rd8 37. Nc3 Qh2+ 0-1

[Event "Titled Tuesday intern op 06th Aug Late"]
[Site "Chess.com INT"]
[Date "2024.08.06"]
[Round "6"]
[White "Garcia Alvarez, Diego"]
[Black "Curtis, John"]
[Result "0-1"]
[WhiteElo "2124"]
[BlackElo "2292"]
[PlyCount "56"]
[EventDate "2024.08.06"]
[EventType "swiss (blitz)"]
[EventRounds "11"]
[EventCountry "USA"]
[SourceTitle "EXT 2025"]
[Source "ChessBase"]
[SourceDate "2024.10.14"]
[SourceVersion "1"]
[SourceVersionDate "2024.10.14"]
[SourceQuality "1"]

1. d4 Nf6 2. c4 e6 3. Nc3 Bb4 4. f3 c5 5. d5 b5 6. e4 bxc4 7. Bxc4 exd5 8. Bxd5 Nxd5 9. Qxd5 Nc6 10. Nge2 0-0 11. Be3 Ba6 12. a3 Bxe2 13. Kxe2 Bxc3 14. bxc3 Rb8 15. Rab1 Qa5 16. Bxc5 Rxb1 17. Rxb1 Qxc3 18. Rd1 Rb8 19. Rd2 h6 20. Be3 Rb3 21. Bf4 g5 22. Bxg5 hxg5 23. Qxg5+ Kf8 24. Qh6+ Ke8 25. h4 Nd4+ 26. Kf2 Nxf3 27. Re2 Qc5+ 28. Kg3 Qe5+ 0-1